Normal view
MARC view
- Swiatkowska, Gabi
Entry Personal Name
001 - CONTROL NUMBER
- control field: 86840
003 - CONTROL NUMBER IDENTIFIER
- control field: OSt
005 - DATE AND TIME OF LATEST TRANSACTION
- control field: 20251112085455.0
008 - FIXED-LENGTH DATA ELEMENTS
- fixed length control field: 251112|| aca||aabn | a|a d
040 ## - CATALOGING SOURCE
- Original cataloging agency: OSt
- Transcribing agency: OSt
100 ## - HEADING--PERSONAL NAME
- Personal name: Swiatkowska, Gabi
670 ## - SOURCE DATA FOUND
- Source citation: Work cat.: (OSt)49727: Recorvits, Helen, author. 37999, My name is Yoon /, 2003.